Statistics for PC Parts

Click here to take the quiz!

General Stats

  • This quiz has been taken 308 times
  • The average score is 7 of 8

Answer Stats

HintAnswer% Correct
temporary storage of files and script. (DDR4, DDR3, often RGB)RAM
99%
"brain" of the pc. (intel, amd, cores, threads)CPU
91%
building block for all other parts. (z370, z270, heatsync, USB 3 connectors)Motherboard
88%
permanent storage of files. (HDD, SSD, M.2)HardDrive
86%
containment unit for the inners. (masterbox, s340 elite, tempered glass)Case
85%
produces picture to the screen. (HDMI, PCI-E connectors, has its own fans)Graphics Card
85%
provides electricity to the unit. (80+ bronze, modular)Power Supply
84%
provides temperature regulation for the CPU (water, air)CPU Cooler
78%

Score Distribution

Percentile by Number Answered

Percent of People with Each Score

Your Score History

You have not taken this quiz